The future of retail property (Record no. 76484)
[ view plain ]
| 000 -LEADER | |
|---|---|
| fixed length control field | 01140cab a2200181 4500 |
| 001 - CONTROL NUMBER | |
| control field | ##L132542 |
| 008 - FIXED-LENGTH DATA ELEMENTS--GENERAL INFORMATION | |
| fixed length control field | 060216n2006 000 0 eng u |
| 035 ## - SYSTEM CONTROL NUMBER | |
| System control number | (Sirsi) u132542 |
| 041 0# - LANGUAGE CODE | |
| Language code of text/sound track or separate title | eng |
| 110 2# - MAIN ENTRY--CORPORATE NAME | |
| Corporate name or jurisdiction name as entry element | British Council of Shopping Centres |
| 9 (RLIN) | 1982 |
| 245 04 - TITLE STATEMENT | |
| Title | The future of retail property |
| 260 ## - PUBLICATION, DISTRIBUTION, ETC. | |
| Date of publication, distribution, etc. | 2006 |
| 520 ## - SUMMARY, ETC. | |
| Summary, etc. | Research project that is set to examine the full scope and impact of retail property trends over the next 10 years and that aims to represent the most comprehensive retail property overview ever undertaken. It will comprise of eight key areas: 1) on-line retailing; 2) planning policies; 3) future modes of transport; 4) the impact of changing demographics and consumer patterns on centres, including Third Age shoppers; 5) market space; 6) retail business models; 7) the future of brands and their importance to the landscape; and 8) the role of architecture and design in future shopping places. |
| 590 ## - LOCAL NOTE (RLIN) | |
| Local note | IKA280206 |
| 690 ## - LOCAL SUBJECT ADDED ENTRY--TOPICAL TERM (OCLC, RLIN) | |
| Topical term or geographic name as entry element | PROPERTY-COMMERCIAL PROPERTY-RETAIL PROPERTY |
| 856 40 - ELECTRONIC LOCATION AND ACCESS | |
| Uniform Resource Identifier | <a href="https://www.bcsc.org.uk/research/forp/index.htm">https://www.bcsc.org.uk/research/forp/index.htm</a> |
| Public note | View the research at www.bcsc.org.uk/research... |
| 942 ## - ADDED ENTRY ELEMENTS (KOHA) | |
| Suppress in OPAC | 0 |
| Withdrawn status | Lost status | Source of classification or shelving scheme | Damaged status | Not for loan | Home library | Current library | Shelving location | Date acquired | Total Checkouts | Full call number | Barcode | Date last seen | Copy number | Price effective from | Koha item type |
|---|---|---|---|---|---|---|---|---|---|---|---|---|---|---|---|
| Dewey Decimal Classification | Virtual | Virtual | Online | 16/02/2006 | ONLINE PUBLICATION | 132542-1001 | 06/08/2019 | 1 | 06/08/2019 | Journal article |